000 00380nam a2200145Ia 4500
008 090124s9999 xx 000 0 und d
082 _b400326
245 _a कोकोकुमां
250 _a1
260 _bमराठे मालती
_c1978
300 _a20
630 _a कोकोकुमां
730 _a कोकोकुमां
942 _cBOOK
999 _c196247
_d196247